París, Texas = Paris, Texas /

Una mujer abandona a su esposo y a su hijo de cuatro años. Años después, el marido vaga por el desierto, sin memoria, pero con la idea fija de instalarse con su familia en un terreno de su propiedad, en París, Texas. Cuando su hermano lo encuentra y trata de integrarlo a su vida, se enfrenta también...

Πλήρης περιγραφή

Αποθηκεύτηκε σε:
Λεπτομέρειες βιβλιογραφικής εγγραφής
Κύριος συγγραφέας: Wenders, Wim (realización)
Άλλοι συγγραφείς: Shepard, Sam (guión) (guión), Carson, L.M. Kit (guión) (guión), Müller, Robby (fotógrafo) (fotógrafo), Bjerke, Birgitta (vestuario) (vestuario), Przygodda, Peter (montaje) (montaje), Cooder, Ry (música) (música), Stanton, Harry Dean (actuación) (actuación), Kinski, Nastassja (actuación) (actuación), Stockwell, Dean (actuación) (actuación)
Μορφή: Διαφάνειες
Γλώσσα:Αγγλικά
Έκδοση: Berlín, Alemania : Road Movies, 1984, c1984
Θέματα:
Ετικέτες: Προσθήκη ετικέτας
Δεν υπάρχουν, Καταχωρήστε ετικέτα πρώτοι!

MARC

LEADER 00000ngm^a2200000^a^4500
001 000183594
005 20250521000000.0
009 20260310102044.931
037 |a Acervo ITESO - Biblioteca 
041 |a ING 
082 |a 830.  |b WEN 
100 |a Wenders, Wim  |e (realización) 
240 1 1 |a [París, Texas] 
245 1 0 |a París, Texas =  |b Paris, Texas /  |c Realización de W. Wenders. 
264 4 |a Berlín, Alemania :  |b Road Movies,  |c 1984, c1984 
264 2 |a Los Angeles, EUA :  |b Twentieth Century Fox [distribución],  |c 2004, c2004 
300 |a 1 DVD región 1  |c (145 min.) 
336 |a imagen móvil bidimensional  |b tdi  |2 rdacontenido 
337 |a video  |b v  |2 rdamedio 
338 |a videodisco  |b vd  |2 rdasoporte 
500 |a Basado en: Crónicas de motel, de Sam Shepard 
520 |a Una mujer abandona a su esposo y a su hijo de cuatro años. Años después, el marido vaga por el desierto, sin memoria, pero con la idea fija de instalarse con su familia en un terreno de su propiedad, en París, Texas. Cuando su hermano lo encuentra y trata de integrarlo a su vida, se enfrenta también ante la imposibilidad de adaptarse a la sociedad. En el intento, se reencuentra con su hijo, con quien viaja en búsqueda del tercer miembro de la familia: su esposa. 
530 |a Existe una edición en formato audiovisual en blu-ray con el mismo título 
545 0 |a Nacido en 1945 en Düsseldorf, Wim Wenders es uno de los principales autores surgidos dentro del movimiento del nuevo cine alemán, desarrollado durante las décadas de 1960 y 1970. Tras abandonar sus estudios en Medicina y en Filosofía, el futuro director de cine pasa un año en París, que dedica a aprender la técnica del grabado y a ver películas en la célebre Cinemateca de la capital francesa, e ingresa en 1967 a la Escuela de Cine y Televisión de Munich, a la que posteriormente ha vuelto como docente. Durante los años 1967-1970 escribe crítica de cine, dirige varios cortometrajes y transforma su práctica de fin de carrera en su primer largometraje, Summer in the City (1970). Alcanza el reconocimiento internacional con los filmes Alicia en las ciudades (1973), Falso movimiento (1974) y En el transcurso del tiempo (1975. Premio de la Crítica Internacional en el Festival de Cannes de 1976). El cortometraje Drei Amerikanische LP's (1969) demarca, por su parte, el inicio de una colaboración estrecha con el escritor Peter Handke, que ha proseguido en títulos como El miedo del portero ante el penalty (1971) y Las alas del deseo/Cielo sobre Berlín (1987. Premios al mejor director en el Festival de Cannes de 1987 y de la Academia Europea de Cine en 1988). El amigo americano (1976) y París, Texas (1984. Palma de Oro a la mejor película en el Festival de Cannes de 1984) se cuentan también entre sus mejores obras, en tanto que en el documental Relámpago sobre el agua (1979) y en Más allá de las nubes (1994) colabora, respectivamente, con dos de sus cineastas más admirados: el norteamericano Nicholas Ray y el italiano Michelangelo Antonioni. Tan lejos y tan cerca (1993) lo acerca a nueva generación de cinéfilos, quienes han seguido su trayectoria en obras como Historia de Lisboa (1994) y el documental Buena Vista Social Club (1999). 
546 |a En inglés, con subtítulos opcionales: español, inglés 
546 |a Doblaje opcional: español 
586 |a Festival Internacional de Cine de Cannes (37º: 1984): Premio a la Mejor Película (Palma de Oro) 
586 |a Premio BAFTA, de la Academia Británica de Cine y Televisión (38°: 1984): Mejor Película (finalista) 
586 |a Premio BAFTA, de la Academia Británica de Cine y Televisión (38°: 1984): Mejor Dirección (ganador: Wim Wenders) 
586 |a Premio César, de la Academia Francesa de Cine (10°: 1985): Mejor Película Extranjera (finalista) 
586 |a Premio David di Donatello, de la Academia Italiana de Cine (30°: 1985): Mejor Película Extranjera (finalista) 
649 |a XX 
650 |a Familia Sustituta en el Cine 
650 |a Road Movies 
650 |a Dramas Cinematográficos 
650 |a Cine en Inglés -  |z Alemania 
650 |a Cine Alemán -  |y 1980-1989 
650 |a Cine Alemán -  |y Siglo XX 
650 |a Identidad Personal 
650 |a Amnesia 
650 |a Memoria y Olvido 
650 |a Melancolía y Nostalgia 
650 |a Tristeza 
650 |a Aislamiento Social 
650 |a Adaptación Social 
650 |a Relaciones Padres-Hijos 
650 |a Relaciones Familiares 
650 |a Amor 
650 |a Relaciones de Pareja 
650 |a Incomunicación 
650 |a Soledad 
650 |a Alienación 
650 |a Comunicación Personal 
650 |a EUA (Región Oeste) en el Cine 
650 |a EUA en el Cine 
700 |a Shepard, Sam  |e (guión) 
700 |a Carson, L.M. Kit  |e (guión) 
700 |a Müller, Robby  |e (fotógrafo) 
700 |a Bjerke, Birgitta  |e (vestuario) 
700 |a Przygodda, Peter  |e (montaje) 
700 |a Cooder, Ry  |e (música) 
700 |a Stanton, Harry Dean  |e (actuación) 
700 |a Kinski, Nastassja  |e (actuación) 
700 |a Stockwell, Dean  |e (actuación) 
910 |a Fondo General 
920 |a Audiovisuales - DVDs 
940 |a Películas 
905 |a 302 
901 |a 0500088668  |b IT2  |c DVS  |u 20250521 
902 |a https://opac.biblio.iteso.mx/vufind/Record/000183594